| 000 | 00510nam a22001697a 4500 | ||
|---|---|---|---|
| 003 | NUST - PNEC | ||
| 005 | 20170116180756.0 | ||
| 008 | 150402b xxu||||| |||| 00| 0 eng d | ||
| 040 | _cLIBRARY | ||
| 082 | _a297.1612 NAW | ||
| 100 |
_92065 _aNawawi, Abduzakaria Moheuddin |
||
| 245 |
_aRiyad-as-Salihin (Urdu) Vol-2 _cImam Abuzakaria Moheuddin An-Nawawi |
||
| 260 |
_aLahore: _bNomani Kutub Khana, _cc1977 |
||
| 300 |
_a461 p. : _c24cm. |
||
| 650 |
_92066 _aIslam, Quran aur Hadees _xGeneral |
||
| 942 |
_2ddc _cBK |
||
| 999 |
_c62735 _d62735 |
||